Egy kis GTP-kötő fehérje szerepe a növényi cirkadián óra, stressz-válaszok és a fényfüggő endoreduplikáció szabályozásában

Elmentve itt :
Bibliográfiai részletek
Szerző: Terecskei Kata
További közreműködők: Kozma-Bognár László (Témavezető)
Dokumentumtípus: Disszertáció
Megjelent: 2013-05-14
Tárgyszavak:
doi:10.14232/phd.1737

mtmt:2889700
Online Access:http://doktori.ek.szte.hu/1737
LEADER 01170nta a2200229 i 4500
001 dokt1737
005 20191210113239.0
008 130306s2013 hu om 0|| hun d
024 7 |a 10.14232/phd.1737  |2 doi 
024 7 |a 2889700  |2 mtmt 
040 |a SZTE Doktori Repozitórium  |b hun 
041 |a hun 
100 1 |a Terecskei Kata 
245 1 0 |a Egy kis GTP-kötő fehérje szerepe a növényi cirkadián óra, stressz-válaszok és a fényfüggő endoreduplikáció szabályozásában  |h [elektronikus dokumentum] /  |c  Terecskei Kata 
246 1 0 |a The role of a small GTPase in regulating the plant circadian clock, stress responses and the light dependent endoreduplication  |h [elektronikus dokumentum] 
260 |c 2013-05-14 
502 |a Disszertacio 
650 4 |a biológiai tudományok 
700 2 |a Kozma-Bognár László  |e ths 
856 4 0 |u https://doktori.bibl.u-szeged.hu/id/eprint/1737/1/Terecskei_Kata_doktori_ertekezes.pdf  |z Dokumentum-elérés  
856 4 0 |u https://doktori.bibl.u-szeged.hu/id/eprint/1737/3/Terecskei_Kata_PhD_tezisek.pdf  |z Dokumentum-elérés  
856 4 0 |u https://doktori.bibl.u-szeged.hu/id/eprint/1737/2/Kata_Terecskei_PhD_thesis.pdf  |z Dokumentum-elérés